Introduction to Numerical Analysis, 2/e (Record no. 247769)
[ view plain ]
| 000 -LEADER | |
|---|---|
| fixed length control field | 00273 a2200121 4500 |
| 001 - CONTROL NUMBER | |
| control field | 12696 |
| 090 ## - LOCALLY ASSIGNED LC-TYPE CALL NUMBER (OCLC); LOCAL CALL NUMBER (RLIN) | |
| -- | 9693 |
| -- | 9693 |
| 100 ## - MAIN ENTRY--PERSONAL NAME | |
| Personal name | Prasad,D |
| 245 ## - TITLE STATEMENT | |
| Title | Introduction to Numerical Analysis, 2/e |
| 250 ## - EDITION STATEMENT | |
| Edition statement | 2 |
| 260 ## - PUBLICATION, DISTRIBUTION, ETC. | |
| Place of publication, distribution, etc. | ND |
| Name of publisher, distributor, etc. | Narosa Publishing House |
| Date of publication, distribution, etc. | 2005 |
| 300 ## - PHYSICAL DESCRIPTION | |
| Extent | xiv, 349 p. |
| 942 ## - ADDED ENTRY ELEMENTS (KOHA) | |
| Institution code [OBSOLETE] | NUST-CAE |
| Withdrawn status | Lost status | Damaged status | Not for loan | Collection code | Permanent Location | Current Location | Date acquired | Total Checkouts | Barcode | Date last seen | Price effective from | Koha item type |
|---|---|---|---|---|---|---|---|---|---|---|---|---|
| College of Aeronautical Engineering (CAE) | College of Aeronautical Engineering (CAE) | 04/03/2017 | CAEN-3495 | 04/05/2017 | 04/05/2017 | Book |
